| 000 | 02582nam a2200325 a 4500 | ||
|---|---|---|---|
| 001 | ASIN0415660688 | ||
| 005 | 20170105102930.0 | ||
| 008 | 140115s2013 xxu eng d | ||
| 020 |
_a0415660688 (hardcover) _c$135.00 |
||
| 020 | _a9780415660686 (hardcover) | ||
| 040 | _a0 | ||
| 050 | 0 | 4 | _aHD9539.U7 |
| 082 | 0 | 4 |
_a363.3255 _bNUC 2013 |
| 245 | 0 | 0 |
_aNuclear terrorism and global security : _bthe challenge of phasing out highly enriched uranium / _cAlan J. Kuperman. |
| 250 | _a0th ed. | ||
| 260 |
_a[S.l.] : _bRoutledge, _c2013. |
||
| 300 |
_a256 p. ; _c24 cm. |
||
| 490 | 1 | _aRoutledge global security studies. | |
| 520 | _aThis book examines the prospects and challenges of a global phase-out of highly enriched uranium—and the risks of this material otherwise being used by terrorists to make atom bombs. Terrorist groups, such as Al Qaeda, have demonstrated repeatedly that they seek to acquire nuclear weapons. Unbeknownst even to many security specialists, tons of bomb-grade uranium are trafficked legally each year for ostensibly peaceful purposes. If terrorists obtained even a tiny fraction of this bomb-grade uranium they could potentially construct a nuclear weapon like the one dropped on Hiroshima that killed tens of thousands. Nuclear experts and policymakers have long known of this danger but – so far – have taken only marginal steps to address it. This volume begins by highlighting the lessons of past successes where bomb-grade uranium commerce has been eliminated, such as from Argentina’s manufacture of medical isotopes. It then explores the major challenges that still lie ahead: for example, Russia’s continued use of highly enriched uranium (HEU) in dozens of nuclear facilities. Each of the book’s thirteen case studies offers advice for reducing HEU in a specific sector. These insights are then amalgamated into nine concrete policy recommendations for U.S. and world leaders to promote a global phase-out of bomb-grade uranium. This book will be of much interest to students of nuclear proliferation, global governance, international relations and security studies. | ||
| 650 | 0 | _aNuclear terrorism | |
| 650 | 0 | _aNuclear terrorism--Prevention | |
| 650 | 0 | _aSecurity, International | |
| 650 | 0 | _aTerrorism--Prevention | |
| 650 | 0 | _aUranium enrichment--Government policy | |
| 650 | 0 | _aUranium industry--Security measures | |
| 700 | 1 | _aKuperman, Alan J. | |
| 830 | 0 | _aRoutledge global security studies. | |
| 856 | 4 | 0 |
_3Amazon.com _uhttp://www.amazon.com/exec/obidos/ASIN/0415660688/chopaconline-20 |
| 942 |
_2ddc _cBK |
||
| 999 |
_c16019 _d16019 |
||